| 000 | 01047nam a2200313 a 4500 | ||
|---|---|---|---|
| 008 | |||
| 020 | _a9780521601245 (paperback) | ||
| 040 |
_aNUST _cNUST |
||
| 049 | _aMAIN | ||
| 090 |
_aTK5105.585 _bSHI |
||
| 100 | 1 |
_aShivendra S. Panwar., _aauthor. |
|
| 245 | 0 |
_aTCP/IP Essentials: _b a lab-based approach / _c Shhivendra S. Panwar ; Shiwen Mawo ; Jeong-dong Ryoo and Yihan Li |
|
| 250 | _aFirst Edition. | ||
| 260 |
_aCambridge : _b Cambridge university press, _c2004 |
||
| 300 |
_axviii, 262 pages : _billustrations ; _c 25cm |
||
| 336 |
_atext _btxt _2rdacontent |
||
| 337 |
_aunmediated _bn2rdamedia |
||
| 338 |
_avolume _bnc _2rdacarrier |
||
| 500 | _aIncludes index. | ||
| 504 | _aIncludes biliographical references | ||
| 650 | 1 | _aComputer networks | |
| 700 |
_aShiwen Mawo., _aauthor. |
||
| 700 |
_aYihan Li., _aauthor. |
||
| 700 |
_aJeong-dong Ryoo., _aauthor. |
||
| 907 |
_a.b10399938 _b02-09-21 _c23-03-21 |
||
| 003 | |||
| 005 | 20230123141146.0 | ||
| 942 |
_cBOOKS _kTK5105.585 _mSHI |
||
| 999 |
_c168695 _d168695 |
||